000 00542nam a2200229 a 4500
001 nice12345678
003 IN_TiNIC
005 20260116011824.0
008 070730s0000 chea grp 000 0 ara
020 _a
_c100
082 0 0 _a297.293
_bTIS
100 _aTisdal,
245 _aKitab Yanabiul Islam
260 _aChennai
_bLilly Soosai Opset
_c0000
300 _a245p
500 _aincludes index and biblioraphy
650 _aIslam-Apologetic Works
700 1 _aTisdal,
902 _bSRS
942 _cBK
999 _c4217
_d4217